000 00751nam a2200277 i 4500
001 C2-0132577
003 PPAK
005 20180727123025.0
008 971019s1996 my a|||| ||||| | may d
020 _a9838091197
040 _aPPAK
_beng
_cPPAK
_erda
082 0 4 _a039.9923
_223
090 0 0 _a039.9923
_bGHU
_dRK
100 0 _aGhulam Jie M. Khan,
_eauthor
245 1 0 _aSoal jawab sains
250 _aSulaiman Zakaria
264 1 _aKuala Lumpur :
_bCipta Publishing ,
_c1996
300 _a32 pages :
_bcolour illustrations ;
_c26 cm
336 _2rdacontent
_atext
337 _2rdamedia
_aunmediated
338 _2rdacarrier
_avolume
490 1 _aSiri 1001
650 1 0 _aScience - Miscellanea
830 0 _aSiri 1001
942 _ddc
_cB
999 _c41549
_d41549